| 000 | 01074nac a22003137a 4500 | ||
|---|---|---|---|
| 001 | BR8202566 | ||
| 003 | BR-BrBNA | ||
| 005 | 20240105115316.0 | ||
| 008 | 230509b bl.|||m| |||| 00| 0 por d | ||
| 040 |
_aBR-BrBNA _bpor _cBiblioteca Nacional de Agricultura |
||
| 072 | _aH10 | ||
| 090 | _a0120 BR8202566 | ||
| 100 | 1 | _aMoraes, G.J. de | |
| 110 | 1 | _aCentro de Pesquisa Agropecuaria do Tropico Semi-Arido, Petrolina, PE (Brasil) | |
| 245 | 1 | _aInsetos e acaros associados a algumas culturas na regiao de Ouricuri, Pernambuco. Praticas de controle em uso pelos agricultores | |
| 260 | 3 |
_aPetrolina, PE (Brasil): _c1982. |
|
| 300 | _a36 p. | ||
| 490 |
_aBoletim de Pesquisa - Centro de Pesquisa Agropecuaria do Tropico Semi-Arido (Brazil) _vno. 15 _xISSN 0100-8951 |
||
| 500 | _a16 ref.; Summaries (En, Pt) | ||
| 650 | _aMILHO | ||
| 650 | _aALGODAO MOCO | ||
| 650 | _aMAMONA | ||
| 650 | _aMANDIOCA | ||
| 650 | _aCONTROLE QUIMICO | ||
| 650 | _aPETROLINA | ||
| 650 | _aPERNAMBUCO | ||
| 909 |
_a202312 _bLúcia Elande _c55 _dLúcia Elande |
||
| 942 |
_2AGRIS _n0 _cMS |
||
| 999 |
_c274199 _d274199 |
||